000 00825nam a2200205 a 4500
003 0
005 20250507125855.0
008 050808s19uu xx 00 eng d
050 _aPHS HG 179
_b.L36 2005
100 _aLansang, Nadine Isabel Yenko.
245 _aBudgeting strategies of factory workers earning minimum wage /
_cNadine Isabel Yenko Lansang.
260 _aLas PiƱas City, Philippines :
_bSouthville International School and Colleges,
_c2005.
300 _av, 27 pages :
_billustrations ;
_c28 cm.
504 _aIncludes bibliographical references.
650 _2Library of Congress Subject Headings
_aBudget
_zPhilippines.
650 _2Library of Congress Subject Headings
_aMinimum wage
_zPhilippines.
650 _aFactory workers
_zPhilippines
_xEconomic conditions.
942 _2lcc
_cPASS
999 _c97261
_d97261